|
|
|
|
| LEADER |
01822cas a2200265 a 4500 |
| 001 |
AALejournalIMF004640 |
| 008 |
230101c9999 xx r poo 0 0eng d |
| 020 |
|
|
|c 5.00 USD
|
| 020 |
|
|
|z 9781451865424
|
| 022 |
|
|
|a 1018-5941
|
| 040 |
|
|
|a BD-DhAAL
|c BD-DhAAL
|
| 100 |
1 |
|
|a Adrogue, Ricardo.
|
| 245 |
1 |
0 |
|a Brazil's Long-Term Growth Performance-Trying to Explain the Puzzle /
|c Ricardo Adrogue, Martin Cerisola, R. Gelos.
|
| 264 |
|
1 |
|a Washington, D.C. :
|b International Monetary Fund,
|c 2006.
|
| 300 |
|
|
|a 1 online resource (21 pages)
|
| 490 |
1 |
|
|a IMF Working Papers
|
| 500 |
|
|
|a <strong>Off-Campus Access:</strong> No User ID or Password Required
|
| 500 |
|
|
|a <strong>On-Campus Access:</strong> No User ID or Password Required
|
| 506 |
|
|
|a Electronic access restricted to authorized BRAC University faculty, staff and students
|
| 520 |
3 |
|
|a This paper assesses Brazil's growth performance from a long-term perspective, using crosscountry and panel estimation techniques, building on the vast empirical literature on growth. The empirical evidence presented in this paper confirms that macroeconomic stability and several reforms have helped raise per capita growth in Brazil since the mid-1990s. The results also show that some long-standing structural weaknesses continue to weigh negatively on per capita growth. Reducing the high level of government consumption would help lower the overall consumption level in the economy and lower its intertemporal price-the real interest rate-thus helping to foster investment and growth.
|
| 538 |
|
|
|a Mode of access: Internet
|
| 700 |
1 |
|
|a Cerisola, Martin.
|
| 700 |
1 |
|
|a Gelos, R.
|
| 830 |
|
0 |
|a IMF Working Papers; Working Paper ;
|v No. 2006/282
|
| 856 |
4 |
0 |
|z Full text available on IMF
|u http://elibrary.imf.org/view/journals/001/2006/282/001.2006.issue-282-en.xml
|z IMF e-Library
|